| Tag |
First Indicator |
Second Indicator |
Subfields |
| LEADER |
00000cam a2200000 a 4500 |
| 001 |
in00001130321 |
| 005 |
20150930080524.0 |
| 008 |
911205s1992 nyu b 000 0 eng |
| 010 |
|
|
|a 91046442
|
| 020 |
|
|
|a 0815300557 (hardback)
|
| 020 |
|
|
|a 0815308434 (pbk.)
|
| 035 |
|
|
|a (OCoLC)25026013
|
| 035 |
|
|
|9 AFW8516AM
|
| 040 |
|
|
|a DLC
|c DLC
|d TXA
|d UtOrBLW
|
| 049 |
|
|
|a TXAM
|
| 050 |
0 |
0 |
|a PR1111.A85
|b M63 1992
|
| 082 |
0 |
0 |
|a 820.8/0352
|2 20
|
| 245 |
0 |
0 |
|a Modern Arthurian literature :
|b an anthology of English and American Arthuriana from the Renaissance to the present /
|c edited by Alan Lupack.
|
| 264 |
|
1 |
|a New York :
|b Garland,
|c 1992.
|
| 300 |
|
|
|a 494 pages ;
|c 23 cm.
|
| 336 |
|
|
|a text
|b txt
|2 rdacontent
|
| 337 |
|
|
|a unmediated
|b n
|2 rdamedia
|
| 338 |
|
|
|a volume
|b nc
|2 rdacarrier
|
| 490 |
1 |
|
|a Garland reference library of the humanities ;
|v vol. 1420
|
| 504 |
|
|
|a Includes bibliographical references (pages 489-494).
|
| 650 |
|
0 |
|a Arthurian romances
|v Adaptations.
|
| 600 |
0 |
0 |
|a Arthur,
|c King.
|k in fiction, drama, poetry, etc.
|
| 650 |
|
0 |
|a American literature.
|
| 650 |
|
0 |
|a English literature.
|
| 700 |
1 |
|
|a Lupack, Alan.
|
| 830 |
|
0 |
|a Garland reference library of the humanities ;
|v vol. 1420.
|
| 999 |
|
|
|a MARS
|
| 999 |
f |
f |
|s a7504023-de8c-34bc-8f9e-56209f151225
|i 14293d7b-a29f-3faa-982b-24378d31be51
|t 0
|
| 952 |
f |
f |
|p normal
|a Texas A&M University
|b College Station
|c Sterling C. Evans Library
|d Evans: Library Stacks
|t 0
|e PR1111.A85 M63 1992
|h Library of Congress classification
|i unmediated -- volume
|m A14817140397
|
| 998 |
f |
f |
|a PR1111.A85 M63 1992
|t 0
|l Evans: Library Stacks
|